ISO 9000 : (Record no. 5274)

MARC details
000 -LEADER
fixed length control field 01118nac a22002771u 4500
010 ## - LIBRARY OF CONGRESS CONTROL NUMBER
LC control number 00701570
020 ## - INTERNATIONAL STANDARD BOOK NUMBER
International Standard Book Number 007135655X
082 00 - DEWEY DECIMAL CLASSIFICATION NUMBER
Classification number 658.5620218
Item number JOH.
090 ## - LOCALLY ASSIGNED LC-TYPE CALL NUMBER (OCLC); LOCAL CALL NUMBER (OCLC)
-- 5274
-- 5274
100 ## - MAIN ENTRY--PERSONAL NAME
Personal name Johnson, Perry L.
245 10 - TITLE STATEMENT
Title ISO 9000 :
Remainder of title the year 2000 and beyond /
Statement of responsibility, etc Perry L. Johnson.
250 ## - EDITION STATEMENT
Edition statement 3rd ed.
260 ## - PUBLICATION, DISTRIBUTION, ETC. (IMPRINT)
Place of publication, distribution, etc New York :
Name of publisher, distributor, etc McGraw-Hill,c2000.
Date of publication, distribution, etc c2000.
300 ## - PHYSICAL DESCRIPTION
Extent xviii, 282 p. :
Other physical details ill. ;
Dimensions 24 cm.
500 ## - GENERAL NOTE
General note Distributer :Al Ahram.
504 ## - BIBLIOGRAPHY, ETC. NOTE
Bibliography, etc Includes bibliographical references (p. 263-265) and index.
511 ## - PARTICIPANT OR PERFORMER NOTE
Participant or performer note Catalogued By :Mahitab.
650 #0 - SUBJECT ADDED ENTRY--TOPICAL TERM
Topical term or geographic name as entry element Quality control
General subdivision Standards.
650 #0 - SUBJECT ADDED ENTRY--TOPICAL TERM
Topical term or geographic name as entry element Quality assurance
General subdivision Standards.
650 #0 - SUBJECT ADDED ENTRY--TOPICAL TERM
Topical term or geographic name as entry element Manufactures
General subdivision Quality control
-- Standards.
650 #0 - SUBJECT ADDED ENTRY--TOPICAL TERM
Topical term or geographic name as entry element ISO 9000 Series Standards.
856 42 - ELECTRONIC LOCATION AND ACCESS
Materials specified Contributor biographical information
Uniform Resource Identifier <a href="http://www.loc.gov/catdir/bios/mh041/00701570.html">http://www.loc.gov/catdir/bios/mh041/00701570.html</a>
856 42 - ELECTRONIC LOCATION AND ACCESS
Materials specified Publisher description
Uniform Resource Identifier <a href="http://www.loc.gov/catdir/description/mh021/00701570.html">http://www.loc.gov/catdir/description/mh021/00701570.html</a>
856 42 - ELECTRONIC LOCATION AND ACCESS
Materials specified Table of contents
Uniform Resource Identifier <a href="http://www.loc.gov/catdir/toc/mh021/00701570.html">http://www.loc.gov/catdir/toc/mh021/00701570.html</a>
942 ## - ADDED ENTRY ELEMENTS (KOHA)
Item type Book - Borrowing
Call number prefix 658.5620218JOH.
Holdings
Withdrawn status Item status Damaged status Not for loan Home library Current library Shelving location Date acquired Source of acquisition Total Checkouts Full call number Barcode Date last seen Koha item type
        Central Library Central Library First floor 23/10/2007 Purchase   658.5620218JOH. 000006765 15/07/2025 Book - Borrowing